LEADER 00923naa a2200193 u 4500 001 000000096655 003 CaOOAMICUS 005 20070226130147.0 008 041102s1978 it u000 u ita u 035 $a11013521 040 $aIAR$bita 100 1 $aGrohmann, Alberto.$0(OLS)http://pul/name/15706 245 10$aPer una tipologia degli insediamenti umani del contado di Assisi /$cAlberto Grohmann. 260 $aAssisi :$bTipografia Porziuncola,$c1978. 300 $aS. 181-246 ;$c23 cm 773 0 $aAssisi al tempo di san Francesco : Atti del V convegno internazionale. 773 0 $aSocietā internazionale di studi francescani.$tAssisi al tempo di S. Francesco : atti del V Convegno Internazionale (Assisi, 13-16 ottobre 1977)$w()6743 996 $6245$aPer una tipologia degli insediamenti umani del contado di Assisi$9(OLS)http://pul/title/123537 996 $6260$aAssisi :$bTipografia Porziuncola$9(OLS)http://pul/publisher/48396 LEADER 01257nam a2200301 4500 001 000000150251 003 CaOOAMICUS 005 20160309151927.0 008 160309s2015 it 000 u ita r 020 $a978-88-6611-420-8* 032 $aLibriCat 040 $aPUL$bita 082 14$a341.01 100 1 $aVillani, Ugo,$d1946-$0(OLS)http://pul/name/83736 245 10$aDalla Dichiarazione universale alla Convenzione europea dei diritti dell'uomo /$cUgo Villani. 250 $aSeconda edizione ampliata. 260 $aBari :$bCacucci,$c2015. 300 $a197 p. ;$c21 cm. 504 $aBibliografia in nota a pič pagina. 650 4$aDiritti umani$xDiritto internazionale.$0(OLS)http://pul/subject/40501 850 $aPUL 852 $aPUL$W1$xSL Diritto e Scienze Sociali 3$y79$m341. 01 VILUG 1$j172828$qDDC 21$B174758$CPULBib$Z2$F174758 $H127402 $81 941 1 $a9 996 $6020$a978-88-6611-420-8*$9(OLS)http://pul/number/160004 996 $6082$a341.01$9(OLS)http://pul/classification/2075 996 $6245$aDalla Dichiarazione universale alla Convenzione europea dei diritti dell'uomo$9(OLS)http://pul/title/189353 996 $6260$aBari :$bCacucci$9(OLS)http://pul/publisher/60235